ბათუმის შოთა რუსთაველის სახელმწიფო უნივერსიტეტის ბიბლიოთეკა

ფსიქოლოგია : (ბიბ.ჩანაწერი № 44504)

000 -ლიდერი
ფიქსირებული სიგრძის საკონტროლო ველი 00988nam a2200193Ia 4500
001 - საკონტროლო ნომერი
საკონტროლო ველი 11302
003 - საკონტროლო ნომრის იდენტიფიკატორი
საკონტროლო ველი GE_BSU
005 - ბოლო ოპერაციის თარიღი და დრო
საკონტროლო ველი 20221128143311.0
008 - ფიქსირებული სიგრძის მონაცემთა ელემენტები - ზოგადი ინფორმაცია
ფიქსირებული სიგრძის საკონტროლო ველი 181216s1951||||ge |||||||||||||| ||geo||
040 ## - კატალოგიზაციის წყარო
Transcribing agency GE_BSU
041 ## - ენის კოდი
Language code of text/sound track or separate title geo
080 ## - უნივერსალური ათობითი კლასიფიკაციის ინდექსი
Universal Decimal Classification number 159.9(072) ნ–86
100 ## - მთავარი ჩანაწერი - პიროვნების სახელი
Personal name ნორაკიძე, ვლ.
9 (RLIN) 16153
245 ## - ცნობა სათაურის შესახებ
Title ფსიქოლოგია :
Remainder of title მეთოდური მითითებანი პედაგოგიური ინსტიტუტების დაუსწრებელ სტუდენტთათვის /
Statement of responsibility, etc ვლ. ნორაკიძე ; საქ. სსრ განათლების სამინისტროს სამეცნ.-მეთოდ. კაბინეტი.
264 ## - წარმოების, გამოცემის, დისტრიბუციის და სხვა ცნობები
გამოცემის, წარმოების, დისტრიბუციის... ადგილი თბილისი :
გამოცემის, წარმოების, დისტრიბუციის... სახელწოდება სამეცნ.-მეთოდ. კაბინეტის გამ-ბა,
გამოცემის, წარმოების, დისტრიბუციის... თარიღი 1951.
300 ## - ფიზიკური აღწერა
Extent 157 გვ.
Other physical details 22 სმ.
653 ## - INDEX TERM--UNCONTROLLED
Uncontrolled term ფსიქოლოგია
942 ## - ADDED ENTRY ELEMENTS (KOHA)
Koha item type წიგნი
Source of classification or shelving scheme
ეგზემპლარები
ჩამოწერის სტატუსი დაკარგული ეგზემპლარის სტატუსი კლასიფიკაციის წყარო ან თაროზე გაწყობის სქემა დაზიანების სტატუსი არ გაიცემა მუდმივი მდებარეობა (დაცვის ადგილი) ამჟამინდელი ადგილსამყოფელი თაროზე განთავსების ადგილი შეძენის თარიღი სრული შენახვის შიფრი შტრიხკოდი ბოლო ოპერაციის თარიღი ეგზემპლარის მიმდევრობითი ნომერი (კეტერი?) ფასის ძალაში შესვლის თარიღი ეგზემპლარის სახეობა
          ბათუმის შოთა რუსთაველის სახელმწიფო უნივერსიტეტის მთავარი ბიბლიოთეკა ბათუმის შოთა რუსთაველის სახელმწიფო უნივერსიტეტის მთავარი ბიბლიოთეკა წიგნსაცავი 2018-12-17 159.9(072) ნ–86 19705 2018-12-17 19705 2018-12-17 წიგნი